Справочник энергетика на строительстве

গ্রন্থ-পঞ্জীর বিবরন
অন্যান্য লেখক: Лебедев Н. Н. (редактор)
ভাষা:রুশ
প্রকাশিত: Москва, Гос. изд-во литературы по строительству и архитектуре, 1955
বিষয়গুলি:
বিন্যাস: MixedMaterials গ্রন্থ
KOHA link:https://koha.lib.tpu.ru/cgi-bin/koha/opac-detail.pl?biblionumber=317077

MARC

LEADER 00000nam0a2200000 4500
001 317077
005 20231102002934.0
035 |a (RuTPU)RU\TPU\book\342545 
090 |a 317077 
100 |a 20160404d1955 km y0rusy50 ca 
101 0 |a rus 
102 |a RU 
105 |a a g 000zy 
200 1 |a Справочник энергетика на строительстве  |f под ред. Н. Н. Лебедева 
210 |a Москва  |c Гос. изд-во литературы по строительству и архитектуре  |d 1955 
215 |a 915 с.  |c ил. 
606 1 |a Энергетическое строительство  |2 stltpush  |3 (RuTPU)RU\TPU\subj\21334  |9 46351 
610 1 |a справочники 
610 1 |a математические величины 
610 1 |a вес 
610 1 |a сортамент 
610 1 |a термодинамика 
610 1 |a гидравлика 
610 1 |a топливо 
610 1 |a смазочные материалы 
610 1 |a котельные установки 
610 1 |a паровые котлы 
610 1 |a топочные устройства 
610 1 |a топливоподача 
610 1 |a золоудаление 
610 1 |a правила 
610 1 |a ремонт 
610 1 |a водоочистка 
610 1 |a локомобили 
610 1 |a водоснабжение 
610 1 |a теплоснабжение 
610 1 |a трубопроводы 
610 1 |a прокладка 
610 1 |a изоляция 
610 1 |a двигатели внутреннего сгорания 
610 1 |a компрессоры 
610 1 |a насосы 
610 1 |a строительные материалы 
610 1 |a термическая обработка 
610 1 |a тепловой контроль 
610 1 |a контрольно-измерительные приборы 
610 1 |a электротехника 
610 1 |a кабельная продукция 
610 1 |a подстанции 
610 1 |a распределительные устройства 
610 1 |a электроснабжение 
610 1 |a электрооборудование 
610 1 |a трансформаторные подстанции 
610 1 |a электроэнергия 
610 1 |a учет 
610 1 |a нормирование 
610 1 |a оплата 
610 1 |a здания 
610 1 |a сооружения 
610 1 |a грозозащита 
610 1 |a проводная связь 
610 1 |a сигнализация 
610 1 |a радиофикация 
610 1 |a монтаж 
610 1 |a техника безопасности 
675 |a 621.311:69(035)  |v 4 
702 1 |a Лебедев  |b Н. Н.  |4 340 
801 1 |a RU  |b 63413507  |c 20160404 
801 2 |a RU  |b 63413507  |c 20160411  |g RCR 
942 |c BK